Movies in American history : an encyclopedia /
Saved in:
| Other Authors: | |
|---|---|
| Format: | Book |
| Language: | English |
| Published: |
Santa Barbara, Calif. :
ABC-CLIO,
c2011.
|
| Subjects: | |
| Tags: |
Add Tag
No Tags, Be the first to tag this record!
|
| LEADER | 01109cam a22003014a 4500 | ||
|---|---|---|---|
| 001 | 012995290-7 | ||
| 005 | 20111107120709.0 | ||
| 008 | 110225s2011 caua beq 001 0ceng | ||
| 010 | |a 2011006901 | ||
| 020 | |a 9781598842968 (hardcopy (set) : alk. paper) | ||
| 020 | |a 9781598842975 (ebook (set)) | ||
| 040 | |a DLC |c DLC |d DLC | ||
| 042 | |a pcc | ||
| 043 | |a n-us--- | ||
| 050 | 0 | 0 | |a PN1993.5.U6 |b M685 2011 |
| 082 | 0 | 0 | |a 791.430973/03 |2 22 |
| 245 | 0 | 0 | |a Movies in American history : |b an encyclopedia / |c Philip C. DiMare, editor. |
| 260 | |a Santa Barbara, Calif. : |b ABC-CLIO, |c c2011. | ||
| 300 | |a 3 v. (lx, 1232 p.) : |b ill. ; |c 26 cm. | ||
| 504 | |a Includes bibliographical references and index. | ||
| 650 | 0 | |a Motion pictures |z United States |v Encyclopedias. | |
| 650 | 0 | |a Motion picture actors and actresses |z United States |v Biography |v Encyclopedias. | |
| 650 | 0 | |a Motion picture producers and directors |z United States |v Biography |v Encyclopedias. | |
| 650 | 0 | |a Motion picture industry |z United States |v Encyclopedias. | |
| 700 | 1 | |a DiMare, Philip C. | |
| 899 | |a 415_565018 | ||
| 988 | |a 20111207 | ||
| 906 | |0 DLC | ||


